000 00313nam a2200121Ia 4500
008 191201s2004 xx 000 0 und d
100 _aBIRKETT, Julian
245 0 _aWord Power: A Guide to Creative Writing
260 _aN.Delhi
_bUnistar Books
_c2004
300 _a190
650 _aGeneral Books
942 _2ddc
_cBK
999 _c2213
_d2213